Co zabieramy ze sobą na wakacje w ciepłe kraje? - Statystyki

Ogólne statystyki
  • Ten quiz został rozwiązany 68 razy
    56 od ostatniego zresetowania
  • Średni wynik to 7 z 19
Statystyki odpowiedzi
Odpowiedź % Poprawnych
okulary przeciw słoneczne
76%
strój kąpielowy
72%
klapki
67%
Ubrania
67%
Ręcznik
65%
czapkę
48%
Pieniądze
48%
Dokumenty
46%
Telefon
46%
Plecak
35%
Walizkę
33%
leki
24%
Krem UV
17%
Ładowarkę
13%
Szczoteczkę
13%
Szczotkę do włosów
11%
karty do gry
9%
Powerbank
9%
maskę do nurkowania
7%
Nie znaleziono quizów pasujących do podanych kryteriów
Rozkład punktacji
Procent ludzi z każdym wynikiem
Percentyl według liczby udzielonych odpowiedzi
Twoja historia wyników
Nie rozwiązałeś tego quizu od ostatniego zresetowania